000 00622nam a2200229Ia 4500
003 OSt
005 20221007074355.0
006 a|||||r|||| 00| 0
007 ta
008 221006b |||||||| |||| 00| 0 eng d
024 _a32,026
037 _cTextual
040 _aFLL
_cFLL
_beng
041 _2eng
_aeng
082 _aD65:4:Z2, P7
100 _aRaghavan Vikram
_9452104
245 0 _aCommunications law in India
260 _aNagpur
_bLexisNexis Butterworths Wadhwa India
_c2007
300 _alii,804p
_ccm.
942 _hD65:4:Z2, P7
_cTEXL
_2CC
999 _c1152127
_d1152127